Perguntas freqüentes e respostas aos jurisdicionais / (Record no. 1350)

MARC details
000 -LÍDER
Campo Fixo de Controle 00721nam a2200229 a 4500
001 - NÚMERO DE CONTROLE
Campo de Controle 1350
003 - IDENTIFICAÇÃO DO NÚMERO DE CONTROLE
Campo de Controle BR-CuiBMT
005 - DATA E HORA DA ÚLTIMA ATUALIZAÇÃO
Campo de Controle 20231205202348.0
008 - DADOS FIXOS
Dados Fixos 231205s2007 mtba 000 0 por d
040 ## - AGÊNCIA CATALOGADORA
Código da Agência Catalogadora BR-CuiBMT
Agência que transcreveu o registro BR-CuiBMT
080 ## - Nº DA CLASSIFICAÇÃO DECIMAL UNIVERSAL
Nº edição CDU 2007
Nº Class. CDU 35.076
090 ## - NÚMERO DE CHAMADA
Complemento TCE/MT
Nº classificação 35.076
Cutter M433p
110 1# - ENTRADA PRINCIPAL -- ENTIDADE
Nome da entidade ou lugar Mato Grosso
Unidade subordinada Tribunal de Contas
245 ## - TÍTULO PRINCIPAL
Título principal Perguntas freqüentes e respostas aos jurisdicionais /
Indicação de responsabilidade Tribunal de Contas do Mato Grosso
260 ## - PUBLICAÇÃO, DISTRIBUIÇÃO, ETC.
Local de publicação Cuiabá :
Editora Tce - Mato Grosso,
Data 2007.
300 ## - DESCRIÇÃO FÍSICA
N. páginas ou volumes 64 p.:
Ilustrações il.
Dimensões 21 cm
650 ## - ASSUNTO TÓPICO
Cabeçalho tópico ou nome geográfico Administração pública
Subdivisão geográfica Brasil
650 ## - ASSUNTO TÓPICO
Cabeçalho tópico ou nome geográfico Gestão pública
Subdivisão geográfica Brasil
650 ## - ASSUNTO TÓPICO
Cabeçalho tópico ou nome geográfico Tribunais de contas dos estados
650 ## - ASSUNTO TÓPICO
Cabeçalho tópico ou nome geográfico Prestação de contas
942 ## - ELEMENTOS DE ENTRADA ADICIONAIS (KOHA)
Fonte de classificação ou esquema de arquivamento Classificação Decimal Universal
Tipo de item do Koha Livros
Holdings
Estado: removido Estado: perdido Fonte de classificação ou esquema de arquivamento Estado: danificado Indisponível para empréstimo Localização permanente Localização atual Data de aquisição Total Checkouts Número de Chamada completo Código de barras Date last seen Número do exemplar Preço efetivo a partir de Tipo de item (Koha)
    Classificação Decimal Universal     Biblioteca da Escola Superior de Contas do TCE/MT Biblioteca da Escola Superior de Contas do TCE/MT 05/12/2023   TCE/MT 35.076 M433p BIBTCEMT23120224 05/12/2023 Ex. 1 05/12/2023 Livros
    Classificação Decimal Universal     Biblioteca da Escola Superior de Contas do TCE/MT Biblioteca da Escola Superior de Contas do TCE/MT 14/12/2023   TCE/MT 35.076 M433p BIBTCEMT23120505 14/12/2023 Ex. 2 14/12/2023 Livros
    Classificação Decimal Universal     Biblioteca da Escola Superior de Contas do TCE/MT Biblioteca da Escola Superior de Contas do TCE/MT 14/12/2023   TCE/MT 35.076 M433p BIBTCEMT23120506 14/12/2023 Ex. 3 14/12/2023 Livros
    Classificação Decimal Universal     Biblioteca da Escola Superior de Contas do TCE/MT Biblioteca da Escola Superior de Contas do TCE/MT 14/12/2023   TCE/MT 35.076 M433p BIBTCEMT23120507 14/12/2023 Ex. 4 14/12/2023 Livros
    Classificação Decimal Universal     Biblioteca da Escola Superior de Contas do TCE/MT Biblioteca da Escola Superior de Contas do TCE/MT 14/12/2023   TCE/MT 35.076 M433p BIBTCEMT23120508 14/12/2023 Ex. 5 14/12/2023 Livros

Powered by Koha